Bordering Countries that forms a word #3 - Statistics

General Stats
  • This quiz has been taken 68 times
  • The average score is 16 of 19
Answer Stats
Group Answer % Correct
LAGS Slovenia/Switzerland/Slovakia
93%
LAGS Austria
91%
LAGS Germany
91%
LAGS Liechtenstein/Luxembourg
91%
SURE Uganda
91%
SURE Ethiopia
89%
SURE Rwanda
89%
HEN Honduras
86%
HEN Nicaragua
86%
GANKS Albania
84%
GANKS Kosovo
84%
GANKS Serbia
84%
SURE South Sudan
84%
HEN El Salvador
82%
GANKS Greece
82%
CAP Paraguay
82%
CAP Argentina
81%
CAP Chile
81%
GANKS North Macedonia
81%
No matching quizzes found
Score Distribution
Percent of People with Each Score
Percentile by Number Answered
Your Score History
You have not taken this quiz